书目信息 |
| 题名: |
你一定要知道的伟大发现
|
|
| 作者: | 亥文, 著 ;徐莉娜 , 岳玉庆 , 杨永祥 译 | |
| 分册: | ||
| 出版信息: | 青岛 青岛出版社 2011.01 |
|
| 页数: | 308页 | |
| 开本: | 23cm | |
| 丛书名: | 让你受益终生的经典系列 | |
| 单 册: | ||
| 中图分类: | N19-49 | |
| 科图分类: | ||
| 主题词: | 创造发明--chuang zao fa ming--世界--普及读物 | |
| 电子资源: | ||
| ISBN: | 978-7-5436-6883-6 | |
| 000 | 01189nam 2200301 450 | |
| 001 | 012011914480 | |
| 005 | 20110426091029.98 | |
| 010 | @a978-7-5436-6883-6@dCNY29.80 | |
| 100 | @a20110426d2011 em y0chiy0120 ea | |
| 101 | 1 | @achi@ceng |
| 102 | @aCN@b370000 | |
| 105 | @aac z 000yy | |
| 106 | @ar | |
| 200 | 1 | @a你一定要知道的伟大发现@Ani yi ding yao zhi dao de wei da fa xian@f(美) 肯德尔·亥文著@F(mei)ken de er·hai wen zhu@g徐莉娜 ... [等]译@Gxu li na...[deng]yi |
| 210 | @a青岛@c青岛出版社@d2011.01 | |
| 215 | @a308页@c图, 肖像@d23cm | |
| 225 | 2 | @a让你受益终生的经典系列@Arang ni shou yi zhong sheng de jing dian xi lie |
| 304 | @a题名页题 : 译者徐莉娜, 岳玉庆, 杨永祥, 潘坤等 | |
| 330 | @a本书主要内容:杠杠原理和浮力原理;太阳是宇宙的中心;人体构造;木星卫星;人体循环系统;万有引力;细胞;到太阳的距离等。 | |
| 410 | 0 | @12001 @a让你受益终生的经典系列 |
| 606 | 0 | @a创造发明@Achuang zao fa ming@y世界@j普及读物 |
| 690 | @aN19-49@v4 | |
| 701 | 1 | @a亥文,@Ahai wen@b肯德尔@4著 |
| 702 | 0 | @a徐莉娜@Axu li na@4译 |
| 702 | 0 | @a岳玉庆@Ayue yu qing@4译 |
| 702 | 0 | @a杨永祥@Ayang yong xiang@4译 |
| 801 | 0 | @aCN@bQSSK@c20110426 |
| 905 | @b792226-28@dN19-49@eH052@f3 | |
| 你一定要知道的伟大发现/(美) 肯德尔·亥文著/徐莉娜 ... [等]译.-青岛:青岛出版社,2011.01 |
| 308页:图, 肖像;23cm.-(让你受益终生的经典系列) |
| ISBN 978-7-5436-6883-6:CNY29.80 |
| 本书主要内容:杠杠原理和浮力原理;太阳是宇宙的中心;人体构造;木星卫星;人体循环系统;万有引力;细胞;到太阳的距离等。 |
| ● |
| 相关链接 |
|
|
|
正题名:你一定要知道的伟大发现
索取号:N19-49/H052
 
预约/预借
| 序号 | 登录号 | 条形码 | 馆藏地/架位号 | 状态 | 备注 |
| 1 | 792226 | 207922266 | 期刊室512/401自科库 136排2列6层/ [索取号:N19-49/H052] | 在馆 | |
| 2 | 792227 | 207922275 | 期刊室512/401自科库 136排2列6层/ [索取号:N19-49/H052] | 在馆 | |
| 3 | 792228 | 207922284 | 自科库401/401自科库 136排2列6层/ [索取号:N19-49/H052] | 在馆 |